| 000 | 00514nam a2200157 a 4500 | ||
|---|---|---|---|
| 001 | 000026951 | ||
| 005 | 20200930030517.0 | ||
| 008 | 110328s1953 dr ac 000 | spa d | ||
| 040 |
_aDO-SdBNP _bspa _cBNPHU |
||
| 082 |
_axxxx _bP438g |
||
| 100 | 1 |
_aPérez Ortiz, R. _92442 |
|
| 245 | 1 | 0 |
_aGlosas de la ausencia y del retorno : _brutas de gloria y de amor / _cR. Pérez Ortiz. |
| 260 |
_aCiudad Trujillo, República Dominicana : _bImprenta Rincon, _c1953. |
||
| 300 |
_a86 p. : _bil., retrs. ; _c24 cm. |
||
| 049 | _aBNPD | ||
| 999 |
_c26443 _d26443 |
||